00907nam a2200145 a 4500020002700000020003000027082001400057100001900071245002900090260004100119300001100160520050600171650001400677856007000691 a0748717838 (paperback) a9780748717835 (paperback) a658.8 PAG1 aPage, Stephen.10aIntroductory marketing / a[S.l.] :bNelson Thornes Ltd,c1995. a288 p. aAlthough this text guides the student through the essential theory, its emphasis is on an interactive approach which shows how marketing works in practice. At key points there are discussion points and case studies combined with activities and assignments to develop and reinforce knowledge and skill. The discussion ranges from market research and consumer behaviour to the key elements of the marketing mix, international marketing and the legal dimension, before concluding with marketing planning. amarketing40uhttp://www.amazon.com/exec/obidos/ASIN/0748717838/chopaconline-20